000 00410cam a2200181ua 4500
001 7512
008 141212n ii |||gr||||Z||||||ben
040 _cMAIN
041 _aben
082 _a700
100 _aRAi, A.,
_eAuthor.
245 1 _aArts
_cBy Annadasankar Rai
250 _a1st.
260 _aCalcutta:
_bPunchas,
_c1989.
300 _a90p.
653 _aThe arts fine & decorative arts
942 _cBK
999 _c6635
_d6635